| 000 | 00725cam a22002178i 4500 | ||
|---|---|---|---|
| 999 |
_c57406 _d57406 |
||
| 001 | 20015396 | ||
| 005 | 20221105200226.0 | ||
| 008 | 170919s2019 mau b 001 0 eng | ||
| 020 | _a9781284118445 1 | ||
| 041 | _aeng | ||
| 080 | _a614.2 R-55 | ||
| 100 | 1 |
_aRiegelman, Richard K. _98460 |
|
| 245 | 1 | 0 |
_aPublic health 101 : _bimproving community health / _cRichard Riegelman, Brenda Kirkwood. |
| 250 | _aThird edition. | ||
| 264 | 1 |
_aBurlington, MA : _bJones & Bartlett Learning, _c2019. |
|
| 300 |
_a338 p. ; _c24 cm. |
||
| 653 | _aმედიცინა | ||
| 653 | _aსაზოგადოებრივი ჯანდაცვა | ||
| 700 | 1 |
_aKirkwood, Brenda, _eავტორი _98462 |
|
| 942 |
_2udc _cBK |
||